00275nam a2200121Ia 4500008004100000041000900041082001500050100001500065245002200080260003500102300000800137650000800145230718s9999 xx 000 0 und d aEng. a621bPRE-T aPress, Tom 0aThriving on Chaos aPakistanbFecosson Parksc1987 a561 aLaw